<?xml version="1.0" encoding="UTF-8"?><marc:collection xmlns:marc="http://www.loc.gov/MARC21/slim">
  <marc:record>
    <marc:leader>00000nam##2200000za#4500</marc:leader>
    <marc:controlfield tag="001">9.593054</marc:controlfield>
    <marc:controlfield tag="003">CaOODSP</marc:controlfield>
    <marc:controlfield tag="005">20210624201619</marc:controlfield>
    <marc:controlfield tag="007">cr |||||||||||</marc:controlfield>
    <marc:controlfield tag="008">150406|2006||||xxc|||||o    f|0| 0 fre|d</marc:controlfield>
    <marc:datafield tag="020" ind1=" " ind2=" ">
      <marc:subfield code="a">0-662-71449-0</marc:subfield>
    </marc:datafield>
    <marc:datafield tag="040" ind1=" " ind2=" ">
      <marc:subfield code="a">CaOODSP</marc:subfield>
      <marc:subfield code="b">fre</marc:subfield>
    </marc:datafield>
    <marc:datafield tag="043" ind1=" " ind2=" ">
      <marc:subfield code="a">n-cn---</marc:subfield>
    </marc:datafield>
    <marc:datafield tag="086" ind1="1" ind2=" ">
      <marc:subfield code="a">En13-2/7-2006F-PDF</marc:subfield>
    </marc:datafield>
    <marc:datafield tag="110" ind1="1" ind2=" ">
      <marc:subfield code="a">Canada.</marc:subfield>
      <marc:subfield code="b">Environnement Canada. </marc:subfield>
      <marc:subfield code="b">Institut national de la recherche sur les eaux.</marc:subfield>
    </marc:datafield>
    <marc:datafield tag="245" ind1="1" ind2="3">
      <marc:subfield code="a">Le dépistage des sources de pollution microbienne dans les écosystèmes aquatiques : </marc:subfield>
      <marc:subfield code="h">[ressource électronique]</marc:subfield>
      <marc:subfield code="b">état de la science et évaluation des besoins </marc:subfield>
    </marc:datafield>
    <marc:datafield tag="246" ind1="3" ind2=" ">
      <marc:subfield code="a">Rapport de la Série d'atelier sur les sciences de l'eau et les politiques</marc:subfield>
    </marc:datafield>
    <marc:datafield tag="260" ind1=" " ind2=" ">
      <marc:subfield code="b">Environnement Canada. </marc:subfield>
      <marc:subfield code="c">2006.</marc:subfield>
    </marc:datafield>
    <marc:datafield tag="300" ind1=" " ind2=" ">
      <marc:subfield code="a">32p.</marc:subfield>
      <marc:subfield code="b">références, photographies</marc:subfield>
    </marc:datafield>
    <marc:datafield tag="490" ind1="1" ind2=" ">
      <marc:subfield code="a">Série de rapports d'évaluation scientifique de l'INRE</marc:subfield>
      <marc:subfield code="v">N° 7</marc:subfield>
    </marc:datafield>
    <marc:datafield tag="520" ind1="3" ind2=" ">
      <marc:subfield code="a">La pollution fécale des écosystèmes aquatiques étant un grave problème dans de nombreuses régions du Canada, on a de plus en plus besoin d’une approche scientifique pour déterminer ses sources. Le dépistage des sources de pollution microbienne (DSPM) est un domaine naissant aux possibilités intéressantes pour la détermination des sources de pollution fécale. Dans le cadre de l’atelier sur le DSPM qui a eu lieu à Toronto les 7 et 8 mars 2005, on a examiné l’état de la science du DSPM et l’état de préparation en vue de l’application étendue du DSPM dans tout le Canada. Le rapport de l’atelier aborde : l’état de la science; les activités de DSPM en vigueur au Canada, aux États-Unis et ailleurs; l’évaluation des besoins en dépistage des sources de pollution fécale ainsi que les moteurs politiques au Canada.</marc:subfield>
    </marc:datafield>
    <marc:datafield tag="590" ind1=" " ind2=" ">
      <marc:subfield code="a">08-10</marc:subfield>
      <marc:subfield code="b">2008-03-07</marc:subfield>
    </marc:datafield>
    <marc:datafield tag="691" ind1="0" ind2="7">
      <marc:subfield code="a">Écosystème aquatique</marc:subfield>
      <marc:subfield code="2">gcpds</marc:subfield>
    </marc:datafield>
    <marc:datafield tag="775" ind1="0" ind2="8">
      <marc:subfield code="t">Microbial source tracking in aquatic ecosystems : </marc:subfield>
      <marc:subfield code="w">(CaOODSP)9.560375</marc:subfield>
    </marc:datafield>
    <marc:datafield tag="776" ind1="0" ind2="#">
      <marc:subfield code="t">Microbial source tracking in aquatic ecosystems : </marc:subfield>
      <marc:subfield code="w">(CaOODSP)9.545972</marc:subfield>
    </marc:datafield>
    <marc:datafield tag="776" ind1="0" ind2="#">
      <marc:subfield code="t">Le dépistage des sources de pollution microbienne dans les écosystèmes aquatiques : </marc:subfield>
      <marc:subfield code="w">(CaOODSP)9.545973</marc:subfield>
    </marc:datafield>
    <marc:datafield tag="830" ind1="#" ind2="0">
      <marc:subfield code="a">Série de rapports d'évaluation scientifique de l'INRE ;</marc:subfield>
      <marc:subfield code="v">N° 7</marc:subfield>
      <marc:subfield code="w">(CaOODSP)9.501442</marc:subfield>
    </marc:datafield>
    <marc:datafield tag="856" ind1="4" ind2="0">
      <marc:subfield code="a">http://publications.gc.ca</marc:subfield>
      <marc:subfield code="q">PDF</marc:subfield>
      <marc:subfield code="s">450 KB</marc:subfield>
      <marc:subfield code="u">https://publications.gc.ca/collections/collection_2008/ec/En13-2-7-2006F.pdf</marc:subfield>
      <marc:subfield code="y">N° 7</marc:subfield>
    </marc:datafield>
  </marc:record>
</marc:collection>
